Statistics for Green Bay Packers Starters 2015

Click here to take the quiz!

General Stats

  • This quiz has been taken 548 times
  • The average score is 15 of 25

Answer Stats

Position # Answer % Correct
QB12Aaron Rodgers
99%
WR87Jordy Nelson
95%
WR18Randall Cobb
92%
LOLB52Clay Matthews
92%
RB27Eddie Lacy
89%
K2Mason Crosby
84%
FB30John Kuhn
79%
FS21Ha Ha Clinton-Dix
78%
CB37Sam Shields
68%
ROLB56Julius Peppers
65%
RG70T.J. Lang
63%
LG71Josh Sitton
61%
SS42Morgan Burnett
60%
DE76Mike Daniels
58%
RT75Bryan Bulaga
58%
MLB50A.J. Hawk
55%
TE81Andrew Quarless
51%
C63Corey Linsley
46%
P8Tim Masthay
46%
CB38Tramon Williams
46%
DE95Datone Jones
42%
LT69David Bakhtiari
41%
LS61Brett Goode
27%
NT/DT98Letroy Guion
27%
MLB58Sam Barrington
25%

Score Distribution

Percentile by Number Answered

Percent of People with Each Score

Your Score History

You have not taken this quiz